MDQL
is popping MORE tags! Check the
thread
!
Quizzes
Events
Quiz Creation
Community
Videos
Private Events
Remove Ads
Sign In
Join for FREE
Feedback
Dark Mode
Quiz Categories
Sports
Geography
Music
Movies
Television
Just For Fun
Miscellaneous
History
Literature
Language
Science
Gaming
Entertainment
Religion
Holiday
For Kids
Quiz Lab
Recent
Popular Today
Quiz Kudos Today
Editor Picks
Curator Picks
Quizzes by...
Day
Popularity
Type
Ratings
Length
Year
Community
Subscriptions
Recent Discussions
Orange Saloon
Badges
Playlists
Quests
Create
Leaderboards
Showdown
Live 5
Trivia Bingo
Activity
Puzzle Library
Sporcle Events
Private Events
Virtual Trivia
Globe League
Become a Host
Pub Owners
SporcleCon
Opinionation
Our Games
Videos
Blog
Mobile Apps
Partnerships
Remove Ads and Go Orange
Feedback
Music
Pop Music
The Beatles
Song
Album
Lyrics
Bands
Singers
Artist
Clip
Rock
Rap
Classical
Billboard
Country Music
Kpop
Taylor Swift
Music
Pop Music
The Beatles
Song
Album
Lyrics
Bands
Singers
Artist
Clip
Rock
Rap
Classical
Billboard
Country Music
Kpop
Taylor Swift
Random Quiz
Search Sporcle
×
Quiz Lab
Quiz Lab
Music
indoor
Type in answers that appear in a list
Type in answers that appear in a list
Classic
Best Score? Go Orange.
WGI Independent World Medalists Stats
Can you name the WGI Independent World Champions?
By
coreymullins12
5m
39 Questions
42 Plays
42 Plays
42 Plays
Comments
Comments
Give Quiz Kudos
Give Quiz Kudos
-
- Ratings
hide this ad
More Info
Forced Order
Answers have to be entered in order
Answers have to be entered in order
Replay
Link that replays current quiz
Next Quiz
Link to next quiz in quiz playlist
You Got
0%
They Got
Avg Score
43%
Avg Friend Score
Upgrade to see
Score Distribution
Jump to the score distribution portion of the page
Score
0/39
Timer
05:00
0
Plays Today
Year
% Correct
2012 Gold
Riverside Community College
85.7%
2010 Gold
Pulse Percussion
83.3%
2007 Gold
Riverside Community College
76.2%
2009 Gold
Rhythm X
73.8%
2011 Gold
Music City Mystique
69%
2011 Silver
Riverside Community College
69%
2009 Silver
Riverside Community College
69%
2008 Gold
Rhythm X
66.7%
2005 Gold
Riverside Community College
66.7%
2012 Bronze
Pulse Percussion
66.7%
2010 Silver
Rhythm X
66.7%
2012 Silver
Music City Mystique
64.3%
2006 Gold
Music City Mystique
57.1%
2011 Bronze
Pulse Percussion
57.1%
2008 Silver
Riverside Community College
57.1%
2002 Gold
Riverside Community College
54.8%
2010 Bronze
Music City Mystique
52.4%
2004 Gold
Music City Mystique
50%
2009 Bronze
Music City Mystique
50%
2007 Silver
Music City Mystique
45.2%
Year
% Correct
2001 Gold
Music City Mystique
42.9%
2004 Silver
Riverside Community College
42.9%
2000 Gold
Blue Knights World
33.3%
2003 Bronze
Riverside Community College
33.3%
2006 Silver
Rhythm X
33.3%
2003 Gold
Blue Knights World
28.6%
2005 Bronze
Music City Mystique
28.6%
2004 Bronze
Rhythm X
26.2%
2002 Bronze
Music City Mystique
26.2%
2005 Silver
Rhythm X
26.2%
2007 Bronze
Blue Knights World
21.4%
2001 Silver
Blue Knights World
21.4%
2002 Silver
Blue Knights World
19%
2008 Bronze
Aimachi
16.7%
2006 Bronze
Aimachi
11.9%
2000 Bronze
Aimachi
7.1%
2000 Silver
Sacramento Freelancers
4.8%
2001 Bronze
Sacramento Freelancers
2.4%
2003 Silver
Black Knights
2.4%
Quiz Playlist
Details
Report
Send in Message
Add To Playlist
More Info:
Name the Gold, Silver, and Bronze medalists in WGI Independent World Class from 2000-2012.
Classic:
Type in answers that appear in a list
Forced Order:
Answers have to be entered in order
Last Updated: Feb 16, 2017
Quiz Scoreboard
CHALLENGE
Sign Up to Join the Scoreboard
Show All
Scores
Hide
Comments
May contain spoilers
Recently Published
Find the 'City' Movie
by crazypaving
Movies
60s
5x2 Blitz: Bands
by SL_Kpop136
Music
30s
Colored Red Africa Blitz
by spor1
Geography
30s
More to Explore
Quiz From the Vault
Featured Blog Post
14 Easter Pick-up Lines to Find Eggs With
hide this ad
You Might Also Like...
Tags
champion
Championship
dci
DCI Champions
DCI World
indoor
Medalist
Percussion
Rhythm
World Championships
Today's Top Quizzes in Music
Browse Music
hide this ad
Top Contributed Quizzes in Music
1
5X2 Blitz: Bands II
2
Taylor Swift All Songs (2024)
3
Taylor Swift Logic Puzzle II
4
5X2 Blitz: The Beatles
5
5X2 Blitz: Billboard
6
Taylor Swift Logic Puzzle
7
5X2 Blitz: Billboard II
8
5X2 Blitz: Album
9
5X2 Blitz: Singers
10
Music Artist by Three 2010s hits
Explore More
Trending Topics
Kpop
Anime
Harry Potter
Marvel
NBA
Disney
Crossword
Pokémon
Country
Song
NFL
The Office
Soccer
WWE
Puzzle
hide this ad
More By:
coreymullins12
Quiz
Plays
Rating
Category
Featured
Created
WGI Independent World Medalists
42
Music
Mar 14, 2013
Go to Creator's Profile
Score Distribution
Quiz Creator Spotlight
coreymullins12
Follow
Send a Message
Quizzes Created
-
Created Quiz Play Count
-
More By This Creator
Popular Quizzes Today
1
Colored Red Africa Blitz
2
Find the US States - No Outlines Minefield
3
Find the 'City' Movie
4
5x2 Blitz: Bands
5
The Countries of the World
6
Find the US States
7
US States
8
9x9 Crossword: Cartoon Network
More Music Quizzes
RM Crossword (BTS)
Quiz Lab
Trending Quizzes
Colored Red Europe Blitz I
Colored Red Europe Blitz II
Colored Red Africa Blitz II
Colored Red Europe Blitz III
Colored Red Africa Blitz III
Recently Updated
Godzilla Movies
pecheneg
Grab Bag: 4-10 Letters
pecheneg
2024 March Madness Bracket
pecheneg
Famous TV Couples
Peacemaker
Champions League XIs: Real Madrid
pecheneg
Largest US Cities 1790-2010
pecheneg
Rides in Walt Disney World
pecheneg
Most Oscar Losses (Acting)
pecheneg
Beyoncé Albums
pecheneg
Leaping Animals
pecheneg
Trending Topics
Anime
Harry Potter
NBA
Marvel
Kpop
Disney
Crossword
The Office
Pokémon
Country
Puzzle
Song
Soccer
WWE
NFL
Your Account Isn't Verified!
In order to create a playlist on Sporcle, you need to verify the email address you used during registration. Go to your
Sporcle Settings
to finish the process.
Report this User
Report this user for behavior that violates our
Community Guidelines
.
Details:
Send Report
Go to the Sporcle.com Mobile Site →
Comments